[Event "Women's World Team Chess Championship"]
[Site "Khanty-Mansiysk, RUS."]
[Date "2017.06.21"]
[Round "5.4"]
[White "Buksa Nataliya (UKR)"]
[Black "Majdan Joanna (POL)"]
[Result "1-0"]
[BlackElo "2366"]
[WhiteElo "2344"]
[LiveChessVersion "1.4.8"]

1. e4 {[%clk 1:30:57]} c5 {[%clk 1:30:56]} 2. Nf3 {[%clk 1:31:19]} d6
{[%clk 1:31:21]} 3. d4 {[%clk 1:31:44]} cxd4 {[%clk 1:31:47]} 4. Nxd4
{[%clk 1:32:11]} Nf6 {[%clk 1:32:13]} 5. Nc3 {[%clk 1:32:36]} g6 {[%clk 1:32:36]}
6. Be3 {[%clk 1:29:11]} Bg7 {[%clk 1:33:01]} 7. f3 {[%clk 1:29:26]} O-O
{[%clk 1:32:32]} 8. Qd2 {[%clk 1:29:44]} Nc6 {[%clk 1:32:57]} 9. Bc4
{[%clk 1:29:59]} Nd7 {[%clk 1:33:21]} 10. O-O {[%clk 1:17:24]} Nb6
{[%clk 1:31:25]} 11. Bb3 {[%clk 1:16:13]} Na5 {[%clk 1:29:05]} 12. Qd3
{[%clk 1:12:28]} Bd7 {[%clk 1:24:59]} 13. Nd5 {[%clk 1:06:46]} Nxb3
{[%clk 1:21:38]} 14. axb3 {[%clk 1:06:29]} Nxd5 {[%clk 1:21:42]} 15. exd5
{[%clk 1:06:57]} a6 {[%clk 1:19:42]} 16. c3 {[%clk 0:58:30]} Qc7 {[%clk 1:12:44]}
17. Ne2 {[%clk 0:37:47]} e5 {[%clk 1:10:30]} 18. dxe6 {[%clk 0:37:52]} Bxe6
{[%clk 1:10:14]} 19. Ra3 {[%clk 0:30:33]} Rfe8 {[%clk 1:02:19]} 20. Bd4
{[%clk 0:30:06]} Be5 {[%clk 0:56:47]} 21. f4 {[%clk 0:28:41]} Bf5
{[%clk 0:55:53]} 22. Qd2 {[%clk 0:29:06]} Bxd4+ {[%clk 0:55:25]} 23. Nxd4
{[%clk 0:29:35]} Qc5 {[%clk 0:49:06]} 24. b4 {[%clk 0:17:02]} Qd5
{[%clk 0:49:30]} 25. Ra5 {[%clk 0:17:29]} b5 {[%clk 0:49:47]} 26. Raa1
{[%clk 0:09:13]} Re4 {[%clk 0:30:11]} 27. Qf2 {[%clk 0:09:16]} Bc8
{[%clk 0:29:29]} 28. Rfe1 {[%clk 0:04:22]} f5 {[%clk 0:28:35]} 29. Rxe4
{[%clk 0:04:32]} fxe4 {[%clk 0:29:00]} 30. Re1 {[%clk 0:04:13]} Bb7
{[%clk 0:27:11]} 31. Re3 {[%clk 0:04:19]} Rf8 {[%clk 0:27:00]} 32. h3
{[%clk 0:04:02]} Qf7 {[%clk 0:23:40]} 33. Ne2 {[%clk 0:03:42]} Bd5
{[%clk 0:21:47]} 34. g4 {[%clk 0:01:54]} Qc7 {[%clk 0:12:22]} 35. Nd4
{[%clk 0:01:39]} a5 {[%clk 0:11:34]} 36. bxa5 {[%clk 0:01:05]} Qxa5
{[%clk 0:12:00]} 37. Kh2 {[%clk 0:01:34]} b4 {[%clk 0:12:12]} 38. f5
{[%clk 0:01:31]} bxc3 {[%clk 0:11:57]} 39. bxc3 {[%clk 0:02:00]} g5
{[%clk 0:10:54]} 40. c4 {[%clk 0:30:33]} Qc5 {[%clk 0:38:43]} 41. Qd2
{[%clk 0:26:40]} Qxc4 {[%clk 0:37:46]} 42. Rc3 {[%clk 0:26:14]} e3
{[%clk 0:38:11]} 43. Qxe3 {[%clk 0:22:42]} Qf1 {[%clk 0:38:23]} 44. Qxg5+
{[%clk 0:20:44]} Kh8 {[%clk 0:38:30]} 45. Qd2 {[%clk 0:21:09]} Ra8
{[%clk 0:28:38]} 46. Kg3 {[%clk 0:19:24]} Re8 {[%clk 0:18:22]} 47. Kh4
{[%clk 0:17:47]} Qh1 {[%clk 0:17:25]} 48. Rc7 {[%clk 0:16:01]} Rg8
{[%clk 0:12:06]} 49. Qc3 {[%clk 0:10:55]} Qe4 {[%clk 0:08:02]} 50. Nf3+
{[%clk 0:10:54]} 1-0

[Event "Women's World Team Chess Championship"]
[Site "Khanty-Mansiysk, RUS."]
[Date "2017.06.21"]
[Round "5.5"]
[White "Wafa Shrook (EGY)"]
[Black "Harika Dronavalli (IND)"]
[Result "1-0"]
[BlackElo "2535"]
[WhiteElo "2141"]
[LiveChessVersion "1.4.8"]

1. e4 {[%clk 1:30:55]} c5 {[%clk 1:30:51]} 2. Nf3 {[%clk 1:31:17]} Nc6
{[%clk 1:31:13]} 3. d4 {[%clk 1:31:33]} cxd4 {[%clk 1:31:33]} 4. Nxd4
{[%clk 1:31:53]} e5 {[%clk 1:31:43]} 5. Nb5 {[%clk 1:31:59]} d6 {[%clk 1:32:00]}
6. a4 {[%clk 1:31:05]} Nf6 {[%clk 1:28:32]} 7. N1c3 {[%clk 1:31:20]} a6
{[%clk 1:28:20]} 8. Na3 {[%clk 1:31:35]} Bg4 {[%clk 1:25:31]} 9. f3
{[%clk 1:31:20]} Be6 {[%clk 1:25:32]} 10. Bc4 {[%clk 1:31:26]} Rc8
{[%clk 1:24:40]} 11. O-O {[%clk 1:27:59]} Be7 {[%clk 1:13:43]} 12. Kh1
{[%clk 1:24:44]} O-O {[%clk 1:12:40]} 13. Bg5 {[%clk 1:21:55]} Kh8
{[%clk 0:47:24]} 14. Bxf6 {[%clk 1:20:49]} Bxf6 {[%clk 0:47:33]} 15. Nd5
{[%clk 1:21:02]} Bh4 {[%clk 0:44:22]} 16. c3 {[%clk 1:15:40]} Rb8
{[%clk 0:40:42]} 17. Qd3 {[%clk 1:09:31]} Ne7 {[%clk 0:32:39]} 18. Rad1
{[%clk 1:00:42]} Ng6 {[%clk 0:31:01]} 19. g3 {[%clk 0:58:37]} Bg5
{[%clk 0:30:22]} 20. Ne3 {[%clk 0:50:53]} Bh3 {[%clk 0:29:32]} 21. Rfe1
{[%clk 0:47:11]} Qb6 {[%clk 0:28:49]} 22. b4 {[%clk 0:45:26]} a5 {[%clk 0:26:39]}
23. Nb5 {[%clk 0:40:41]} Be6 {[%clk 0:26:14]} 24. Bxe6 {[%clk 0:38:35]} fxe6
{[%clk 0:25:11]} 25. Nc4 {[%clk 0:38:00]} Qd8 {[%clk 0:25:28]} 26. Nxa5
{[%clk 0:34:39]} Qf6 {[%clk 0:25:34]} 27. Rf1 {[%clk 0:32:41]} h5
{[%clk 0:21:18]} 28. Nxd6 {[%clk 0:31:50]} h4 {[%clk 0:21:40]} 29. Qe2
{[%clk 0:27:55]} Kh7 {[%clk 0:12:26]} 30. f4 {[%clk 0:20:25]} Bh6
{[%clk 0:10:07]} 31. f5 {[%clk 0:18:00]} Ne7 {[%clk 0:10:10]} 32. Qg4
{[%clk 0:14:06]} hxg3 {[%clk 0:09:57]} 33. hxg3 {[%clk 0:13:54]} b6
{[%clk 0:06:50]} 34. fxe6 {[%clk 0:12:20]} Qxf1+ {[%clk 0:05:51]} 35. Rxf1
{[%clk 0:12:44]} Rxf1+ {[%clk 0:04:57]} 36. Kg2 {[%clk 0:12:52]} Rc1
{[%clk 0:01:52]} 37. Nac4 {[%clk 0:12:14]} Rc2+ {[%clk 0:01:18]} 38. Kh3
{[%clk 0:12:15]} Rxc3 {[%clk 0:01:07]} 39. Nxe5 {[%clk 0:12:11]} Ra8
{[%clk 0:00:52]} 40. Nf5 {[%clk 0:41:26]} Rc7 {[%clk 0:30:43]} 41. Nxe7
{[%clk 0:40:47]} Rxe7 {[%clk 0:31:11]} 42. Qf5+ {[%clk 0:39:53]} Kg8
{[%clk 0:30:17]} 43. Nc6 {[%clk 0:36:21]} Rc7 {[%clk 0:24:32]} 44. Qd5
{[%clk 0:35:10]} Kh7 {[%clk 0:22:51]} 45. Ne7 {[%clk 0:31:41]} Rf8
{[%clk 0:19:37]} 46. Qd6 {[%clk 0:31:06]} Rb7 {[%clk 0:19:46]} 47. Nd5
{[%clk 0:29:52]} Re8 {[%clk 0:20:11]} 48. Nc7 {[%clk 0:28:54]} Rc8
{[%clk 0:18:46]} 49. e7 {[%clk 0:28:28]} Rbxc7 {[%clk 0:19:13]} 50. e8=Q
{[%clk 0:27:36]} Rxe8 {[%clk 0:19:39]} 51. Qxc7 {[%clk 0:27:58]} Be3
{[%clk 0:18:34]} 52. Qc6 {[%clk 0:28:01]} Re7 {[%clk 0:18:20]} 53. Kg4
{[%clk 0:28:03]} Kg8 {[%clk 0:17:30]} 54. Qd5+ {[%clk 0:28:02]} Kh7
{[%clk 0:16:00]} 55. e5 {[%clk 0:28:15]} g6 {[%clk 0:15:59]} 56. e6
{[%clk 0:28:29]} Kh6 {[%clk 0:15:24]} 57. Qe5 {[%clk 0:27:59]} Bd2
{[%clk 0:15:27]} 58. Qh8+ {[%clk 0:28:31]} Rh7 {[%clk 0:15:55]} 59. Qxh7+
{[%clk 0:28:43]} 1-0

[Event "Women's World Team Chess Championship"]
[Site "Khanty-Mansiysk, RUS."]
[Date "2017.06.21"]
[Round "5.6"]
[White "Tania Sachdev (IND)"]
[Black "Moaataz Ayah (EGY)"]
[Result "1-0"]
[BlackElo "2020"]
[WhiteElo "2408"]
[LiveChessVersion "1.4.8"]

1. d4 {[%clk 1:30:54]} d5 {[%clk 1:30:56]} 2. Nf3 {[%clk 1:31:20]} Nf6
{[%clk 1:31:21]} 3. c4 {[%clk 1:31:45]} e6 {[%clk 1:31:47]} 4. Nc3
{[%clk 1:32:10]} Be7 {[%clk 1:32:10]} 5. Qc2 {[%clk 1:32:21]} b6 {[%clk 1:32:08]}
6. cxd5 {[%clk 1:29:34]} exd5 {[%clk 1:32:09]} 7. Bf4 {[%clk 1:26:41]} a6
{[%clk 1:32:17]} 8. e3 {[%clk 1:22:00]} O-O {[%clk 1:32:27]} 9. Bd3
{[%clk 1:22:15]} c5 {[%clk 1:32:08]} 10. dxc5 {[%clk 1:18:24]} bxc5
{[%clk 1:32:27]} 11. O-O {[%clk 1:18:09]} Nc6 {[%clk 1:31:08]} 12. a3
{[%clk 1:15:58]} g6 {[%clk 1:28:04]} 13. Rfd1 {[%clk 1:02:51]} Qa5
{[%clk 1:17:51]} 14. e4 {[%clk 0:41:03]} Bg4 {[%clk 1:02:58]} 15. exd5
{[%clk 0:22:47]} Bxf3 {[%clk 1:01:53]} 16. gxf3 {[%clk 0:23:03]} Nd4
{[%clk 1:02:13]} 17. Qb1 {[%clk 0:21:50]} Nh5 {[%clk 1:02:03]} 18. Bh6
{[%clk 0:17:03]} Nxf3+ {[%clk 1:02:08]} 19. Kg2 {[%clk 0:17:32]} Nh4+
{[%clk 1:02:16]} 20. Kh1 {[%clk 0:16:27]} Rfb8 {[%clk 0:48:58]} 21. Be4
{[%clk 0:12:02]} Bf6 {[%clk 0:45:00]} 22. Qc2 {[%clk 0:11:15]} Re8
{[%clk 0:32:19]} 23. d6 {[%clk 0:10:47]} Ra7 {[%clk 0:23:44]} 24. d7
{[%clk 0:08:13]} Rb8 {[%clk 0:23:01]} 25. Nd5 {[%clk 0:03:35]} Qd8
{[%clk 0:20:23]} 26. Nxf6+ {[%clk 0:02:56]} Qxf6 {[%clk 0:20:52]} 27. Qxc5
{[%clk 0:03:10]} Rxd7 {[%clk 0:17:04]} 28. Rxd7 {[%clk 0:03:21]} Qxb2
{[%clk 0:17:00]} 29. Rb1 1-0

[Event "Women's World Team Chess Championship"]
[Site "Khanty-Mansiysk, RUS."]
[Date "2017.06.21"]
[Round "5.7"]
[White "Elansary Eman (EGY)"]
[Black "Karavade Eesha (IND)"]
[Result "0-1"]
[BlackElo "2388"]
[WhiteElo "1887"]
[LiveChessVersion "1.4.8"]

1. d4 {[%clk 1:30:51]} d5 {[%clk 1:30:41]} 2. Nf3 {[%clk 1:30:53]} Nf6
{[%clk 1:30:37]} 3. e3 {[%clk 1:30:54]} c5 {[%clk 1:29:29]} 4. b3
{[%clk 1:29:20]} Nc6 {[%clk 1:27:56]} 5. Bb2 {[%clk 1:29:19]} Bg4
{[%clk 1:25:57]} 6. Be2 {[%clk 1:28:29]} e6 {[%clk 1:23:40]} 7. O-O
{[%clk 1:28:40]} Be7 {[%clk 1:23:28]} 8. Nbd2 {[%clk 1:28:45]} O-O
{[%clk 1:23:47]} 9. c4 {[%clk 1:24:45]} cxd4 {[%clk 1:14:32]} 10. Nxd4
{[%clk 1:19:40]} Bxe2 {[%clk 1:13:34]} 11. Qxe2 {[%clk 1:19:14]} Nxd4
{[%clk 1:11:29]} 12. Bxd4 {[%clk 1:18:07]} Qa5 {[%clk 1:11:39]} 13. cxd5
{[%clk 1:12:11]} exd5 {[%clk 1:08:11]} 14. b4 {[%clk 1:05:08]} Qa3
{[%clk 0:57:00]} 15. Rfb1 {[%clk 1:00:15]} Qa4 {[%clk 0:55:27]} 16. Qd3
{[%clk 0:59:19]} Rfc8 {[%clk 0:53:01]} 17. a3 {[%clk 0:56:09]} h6
{[%clk 0:46:35]} 18. Rc1 {[%clk 0:52:40]} Rc6 {[%clk 0:40:36]} 19. Rxc6
{[%clk 0:46:33]} bxc6 {[%clk 0:38:43]} 20. f3 {[%clk 0:41:28]} Nd7
{[%clk 0:31:29]} 21. Nb3 {[%clk 0:37:00]} Nf8 {[%clk 0:27:41]} 22. Bc5
{[%clk 0:29:45]} Bf6 {[%clk 0:27:52]} 23. Bd4 {[%clk 0:28:26]} Be7
{[%clk 0:21:38]} 24. Bc5 {[%clk 0:28:25]} Bg5 {[%clk 0:19:27]} 25. f4
{[%clk 0:18:26]} Bf6 {[%clk 0:19:45]} 26. Bd4 {[%clk 0:17:21]} Nd7
{[%clk 0:16:21]} 27. Bxf6 {[%clk 0:13:37]} Nxf6 {[%clk 0:16:44]} 28. Nd4
{[%clk 0:13:46]} a5 {[%clk 0:13:57]} 29. Rc1 {[%clk 0:11:53]} axb4
{[%clk 0:13:16]} 30. axb4 {[%clk 0:12:07]} Qxb4 {[%clk 0:12:11]} 31. Nxc6
{[%clk 0:12:14]} Qb2 {[%clk 0:12:10]} 32. Qc2 {[%clk 0:12:12]} Qa3
{[%clk 0:11:23]} 33. Re1 {[%clk 0:11:17]} Ne4 {[%clk 0:10:56]} 34. Nd4
{[%clk 0:07:26]} Qxe3+ {[%clk 0:10:36]} 0-1

[Event "Women's World Team Chess Championship"]
[Site "Khanty-Mansiysk, RUS."]
[Date "2017.06.21"]
[Round "5.8"]
[White "Vijayalakshmi Subbaraman (IND)"]
[Black "Ehab Tasneem (EGY)"]
[Result "1-0"]
[BlackElo "1750"]
[WhiteElo "2375"]
[LiveChessVersion "1.4.8"]

1. d4 {[%clk 1:30:49]} Nf6 {[%clk 1:30:52]} 2. Nf3 {[%clk 1:31:12]} g6
{[%clk 1:31:10]} 3. g3 {[%clk 1:31:15]} Bg7 {[%clk 1:31:34]} 4. Bg2
{[%clk 1:31:41]} O-O {[%clk 1:31:54]} 5. O-O {[%clk 1:32:07]} d6 {[%clk 1:32:18]}
6. b3 {[%clk 1:31:29]} c5 {[%clk 1:31:46]} 7. Bb2 {[%clk 1:31:41]} Qc7
{[%clk 1:29:54]} 8. c4 {[%clk 1:31:09]} Bg4 {[%clk 1:25:01]} 9. Nc3
{[%clk 1:29:35]} Nc6 {[%clk 1:24:22]} 10. d5 {[%clk 1:28:45]} Bxf3
{[%clk 1:23:12]} 11. Bxf3 {[%clk 1:28:47]} Ne5 {[%clk 1:22:54]} 12. Bg2
{[%clk 1:29:03]} a6 {[%clk 1:22:48]} 13. h3 {[%clk 1:27:19]} Nh5 {[%clk 1:20:12]}
14. e4 {[%clk 1:23:40]} b5 {[%clk 1:17:25]} 15. cxb5 {[%clk 1:22:44]} axb5
{[%clk 1:17:51]} 16. Nxb5 {[%clk 1:22:38]} Qb6 {[%clk 1:18:13]} 17. a4
{[%clk 1:20:33]} Rfc8 {[%clk 1:11:38]} 18. Kh2 {[%clk 1:17:41]} Rab8
{[%clk 1:08:12]} 19. Qe2 {[%clk 1:14:30]} c4 {[%clk 1:05:05]} 20. f4
{[%clk 1:12:33]} cxb3 {[%clk 0:58:43]} 21. Rac1 {[%clk 1:01:32]} Nd7
{[%clk 0:56:04]} 22. e5 {[%clk 0:57:38]} dxe5 {[%clk 0:41:28]} 23. fxe5
{[%clk 0:57:02]} Bh6 {[%clk 0:41:16]} 24. Rc6 {[%clk 0:51:44]} Qe3
{[%clk 0:40:25]} 25. Qg4 {[%clk 0:43:28]} Rd8 {[%clk 0:31:01]} 26. Bc1
{[%clk 0:30:21]} Qd3 {[%clk 0:18:51]} 27. Rc3 {[%clk 0:26:12]} Nxe5
{[%clk 0:12:12]} 28. Rxd3 {[%clk 0:19:37]} Nxg4+ {[%clk 0:12:32]} 29. hxg4
{[%clk 0:19:59]} Bxc1 {[%clk 0:12:00]} 30. Rxc1 {[%clk 0:20:16]} Nf6
{[%clk 0:11:41]} 31. Kh3 {[%clk 0:17:16]} Rb6 {[%clk 0:06:34]} 32. Rxb3
{[%clk 0:13:31]} Nxd5 {[%clk 0:06:17]} 33. a5 {[%clk 0:13:04]} Ra6
{[%clk 0:06:26]} 34. Bxd5 {[%clk 0:12:59]} Rxd5 {[%clk 0:03:30]} 35. Nc7
{[%clk 0:13:06]} Raxa5 {[%clk 0:03:28]} 36. Nxd5 {[%clk 0:13:15]} Rxd5
{[%clk 0:03:52]} 37. Re1 {[%clk 0:12:39]} e6 {[%clk 0:04:02]} 38. Rb8+
{[%clk 0:11:35]} Kg7 {[%clk 0:04:29]} 39. Rb7 {[%clk 0:11:57]} h5
{[%clk 0:03:52]} 40. Rf1 {[%clk 0:41:57]} hxg4+ {[%clk 0:34:05]} 41. Kxg4
{[%clk 0:42:10]} Rd4+ {[%clk 0:34:18]} 42. Rf4 {[%clk 0:42:04]} 1-0

[Event "Women's World Team Chess Championship"]
[Site "Khanty-Mansiysk, RUS."]
[Date "2017.06.21"]
[Round "5.10"]
[White "Foisor Sabina-Francesca (USA)"]
[Black "Lagno Kateryna (RUS)"]
[Result "1/2-1/2"]
[BlackElo "2539"]
[WhiteElo "2331"]
[LiveChessVersion "1.4.8"]

1. d4 {[%clk 1:30:57]} Nf6 {[%clk 1:30:49]} 2. c4 {[%clk 1:31:22]} g6
{[%clk 1:31:10]} 3. Nc3 {[%clk 1:31:47]} d5 {[%clk 1:31:35]} 4. cxd5
{[%clk 1:31:49]} Nxd5 {[%clk 1:31:58]} 5. Bd2 {[%clk 1:32:14]} Bg7
{[%clk 1:31:48]} 6. e4 {[%clk 1:32:39]} Nxc3 {[%clk 1:32:04]} 7. Bxc3
{[%clk 1:32:53]} O-O {[%clk 1:32:14]} 8. Qd2 {[%clk 1:32:17]} Nc6
{[%clk 1:31:22]} 9. Ne2 {[%clk 1:21:54]} e6 {[%clk 1:27:46]} 10. h4
{[%clk 1:11:36]} Qd6 {[%clk 1:08:50]} 11. h5 {[%clk 1:06:23]} b5 {[%clk 1:04:44]}
12. d5 {[%clk 1:01:15]} Ne5 {[%clk 0:54:50]} 13. Nd4 {[%clk 0:55:58]} exd5
{[%clk 0:48:12]} 14. Nxb5 {[%clk 0:48:23]} Qe7 {[%clk 0:42:16]} 15. hxg6
{[%clk 0:39:19]} hxg6 {[%clk 0:37:31]} 16. f4 {[%clk 0:32:33]} Ng4
{[%clk 0:34:55]} 17. Bxg7 {[%clk 0:25:32]} Qxe4+ {[%clk 0:34:30]} 18. Be2
{[%clk 0:25:58]} Kxg7 {[%clk 0:32:57]} 19. O-O-O {[%clk 0:15:56]} Bf5
{[%clk 0:23:27]} 20. Nc3 {[%clk 0:14:25]} Qe3 {[%clk 0:23:37]} 21. Bxg4
{[%clk 0:13:17]} Qxd2+ {[%clk 0:23:58]} 22. Rxd2 {[%clk 0:13:44]} Bxg4
{[%clk 0:24:23]} 23. Rxd5 {[%clk 0:11:35]} Rfd8 {[%clk 0:22:58]} 24. Re1
{[%clk 0:09:20]} Rxd5 {[%clk 0:22:08]} 25. Nxd5 {[%clk 0:09:49]} Rd8
{[%clk 0:21:45]} 26. Ne3 {[%clk 0:08:41]} Be6 {[%clk 0:21:52]} 27. Kc2
{[%clk 0:08:08]} Rd4 {[%clk 0:20:55]} 28. g3 {[%clk 0:07:05]} Bxa2
{[%clk 0:18:11]} 29. Kc3 {[%clk 0:06:31]} c5 {[%clk 0:18:25]} 30. Ra1
{[%clk 0:03:33]} Ra4 {[%clk 0:16:29]} 31. g4 {[%clk 0:02:01]} a5 {[%clk 0:10:26]}
32. g5 {[%clk 0:01:50]} Re4 {[%clk 0:09:33]} 33. Rxa2 {[%clk 0:01:21]} Rxe3+
{[%clk 0:09:58]} 34. Kd2 {[%clk 0:00:43]} Rb3 {[%clk 0:07:48]} 35. Rxa5
{[%clk 0:00:33]} Rxb2+ {[%clk 0:08:02]} 36. Kd3 {[%clk 0:00:45]} Rb3+
{[%clk 0:07:08]} 37. Kd2 {[%clk 0:00:46]} Rb4 {[%clk 0:04:41]} 38. Rxc5
{[%clk 0:00:38]} Rxf4 {[%clk 0:05:06]} 39. Ke3 {[%clk 0:01:05]} Rf1
{[%clk 0:05:06]} 40. Ke2 {[%clk 0:31:29]} Ra1 {[%clk 0:34:12]} 41. Kf3
{[%clk 0:31:21]} Kf8 {[%clk 0:32:01]} 42. Rc7 {[%clk 0:28:09]} Ke8
{[%clk 0:32:00]} 43. Rb7 {[%clk 0:25:25]} Rf1+ {[%clk 0:29:17]} 44. Kg4
{[%clk 0:25:49]} Rd1 {[%clk 0:29:25]} 45. Kf4 {[%clk 0:24:45]} Rd7
{[%clk 0:28:56]} 46. Rb5 {[%clk 0:24:04]} Ke7 {[%clk 0:28:38]} 47. Re5+
{[%clk 0:23:57]} Kd6 {[%clk 0:26:55]} 48. Re1 {[%clk 0:24:09]} Ra7
{[%clk 0:26:23]} 49. Rd1+ {[%clk 0:24:32]} Ke7 {[%clk 0:25:48]} 50. Re1+
{[%clk 0:24:58]} Kf8 {[%clk 0:26:15]} 51. Re4 {[%clk 0:24:29]} Ra1
{[%clk 0:25:42]} 52. Kg4 {[%clk 0:24:10]} Rg1+ {[%clk 0:25:50]} 53. Kf4
{[%clk 0:24:23]} f5 {[%clk 0:22:03]} 54. gxf6 {[%clk 0:23:43]} Kf7
{[%clk 0:22:25]} 55. Ra4 {[%clk 0:23:02]} Kxf6 {[%clk 0:22:30]} 56. Ra6+
{[%clk 0:23:27]} Kg7 {[%clk 0:22:34]} 57. Ra8 {[%clk 0:23:50]} Rb1
{[%clk 0:20:51]} 58. Kg5 {[%clk 0:23:47]} Rb5+ {[%clk 0:21:00]} 59. Kg4
{[%clk 0:24:13]} Rb4+ {[%clk 0:20:00]} 60. Kg5 {[%clk 0:24:30]} Rb5+ 1/2-1/2

[Event "Women's World Team Chess Championship"]
[Site "Khanty-Mansiysk, RUS."]
[Date "2017.06.21"]
[Round "5.11"]
[White "Goryachkina Aleksandra (RUS)"]
[Black "Nemcova Katerina (USA)"]
[Result "1/2-1/2"]
[BlackElo "2313"]
[WhiteElo "2477"]
[LiveChessVersion "1.4.8"]

1. d4 {[%clk 1:30:52]} d5 {[%clk 1:30:48]} 2. c4 {[%clk 1:30:47]} dxc4
{[%clk 1:31:04]} 3. Nf3 {[%clk 1:30:47]} a6 {[%clk 1:31:19]} 4. e3
{[%clk 1:29:42]} b5 {[%clk 1:31:30]} 5. a4 {[%clk 1:29:04]} Bb7 {[%clk 1:31:45]}
6. b3 {[%clk 1:28:01]} e6 {[%clk 1:31:39]} 7. bxc4 {[%clk 1:27:42]} bxc4
{[%clk 1:31:54]} 8. Bxc4 {[%clk 1:27:02]} Nf6 {[%clk 1:31:58]} 9. O-O
{[%clk 1:24:32]} c5 {[%clk 1:31:51]} 10. Nbd2 {[%clk 1:21:50]} cxd4
{[%clk 1:30:08]} 11. Nxd4 {[%clk 1:18:48]} Nc6 {[%clk 1:16:10]} 12. N4f3
{[%clk 1:13:02]} Bb4 {[%clk 1:08:43]} 13. Bb2 {[%clk 1:10:39]} O-O
{[%clk 1:06:55]} 14. Qe2 {[%clk 1:09:46]} Qe7 {[%clk 1:02:55]} 15. Bd3
{[%clk 1:09:08]} Rfd8 {[%clk 0:58:45]} 16. Nc4 {[%clk 1:06:45]} Na5
{[%clk 0:53:55]} 17. Nce5 {[%clk 0:58:23]} Nc6 {[%clk 0:37:14]} 18. Rac1
{[%clk 0:51:54]} Nxe5 {[%clk 0:26:38]} 19. Nxe5 {[%clk 0:52:05]} Bd6
{[%clk 0:16:49]} 20. Rfd1 {[%clk 0:36:20]} a5 {[%clk 0:12:26]} 21. Nc6
{[%clk 0:33:43]} Bxc6 {[%clk 0:12:52]} 22. Rxc6 {[%clk 0:33:58]} Rac8
{[%clk 0:09:48]} 23. Rxc8 {[%clk 0:25:25]} Rxc8 {[%clk 0:10:15]} 24. g3
{[%clk 0:24:29]} h6 {[%clk 0:09:39]} 25. Bb1 {[%clk 0:24:03]} Ba3
{[%clk 0:06:18]} 26. Qa6 {[%clk 0:18:57]} Re8 {[%clk 0:03:51]} 27. Bxa3
{[%clk 0:11:13]} Qxa3 {[%clk 0:04:18]} 28. Qxa5 {[%clk 0:11:29]} Nd5
{[%clk 0:04:13]} 29. Qb5 {[%clk 0:09:20]} Kf8 {[%clk 0:02:14]} 30. Bc2
{[%clk 0:03:00]} Nc3 {[%clk 0:01:11]} 31. Qd3 {[%clk 0:03:15]} Rc8
{[%clk 0:01:16]} 32. Qa6 {[%clk 0:02:20]} Qc5 {[%clk 0:01:03]} 33. Re1
{[%clk 0:02:03]} Rc6 34. Qa8+ {[%clk 0:01:28]} Rc8 {[%clk 0:01:33]} 35. Qb7
{[%clk 0:01:30]} Rc7 {[%clk 0:01:38]} 36. Qb8+ {[%clk 0:01:51]} Rc8
{[%clk 0:01:40]} 37. Qb7 {[%clk 0:01:31]} Rc7 {[%clk 0:01:41]} 38. Qa8+
{[%clk 0:00:52]} Rc8 {[%clk 0:01:54]} 39. Qf3 {[%clk 0:00:57]} Qb4
{[%clk 0:01:03]} 40. Kg2 {[%clk 0:30:42]} Qc4 {[%clk 0:30:31]} 41. a5
{[%clk 0:27:06]} Nd5 {[%clk 0:25:33]} 42. Be4 {[%clk 0:24:00]} Qc3
{[%clk 0:23:20]} 43. Rd1 {[%clk 0:23:33]} Qxa5 {[%clk 0:23:07]} 44. Bxd5
{[%clk 0:23:48]} exd5 {[%clk 0:23:23]} 45. Rxd5 {[%clk 0:24:06]} Qc7
{[%clk 0:22:18]} 46. h4 {[%clk 0:24:24]} Rd8 {[%clk 0:21:59]} 47. Rf5
{[%clk 0:23:53]} g6 {[%clk 0:21:43]} 48. Rb5 {[%clk 0:23:39]} h5 {[%clk 0:19:39]}
49. Rb4 {[%clk 0:14:34]} Qe5 {[%clk 0:17:28]} 50. Rf4 {[%clk 0:14:25]} Rd7
{[%clk 0:17:36]} 51. Kh2 {[%clk 0:12:45]} Kg7 {[%clk 0:17:42]} 52. Qe2
{[%clk 0:11:50]} Re7 {[%clk 0:13:00]} 53. Qd2 {[%clk 0:11:52]} Kg8
{[%clk 0:13:15]} 54. Rd4 {[%clk 0:12:05]} Re8 {[%clk 0:13:27]} 55. Rd8
{[%clk 0:10:07]} Rxd8 {[%clk 0:12:59]} 56. Qxd8+ {[%clk 0:10:35]} Kh7
{[%clk 0:13:17]} 57. Qd4 {[%clk 0:09:34]} Qf5 {[%clk 0:13:09]} 58. Kg2
{[%clk 0:09:59]} Kg8 {[%clk 0:12:07]} 59. Kf1 {[%clk 0:08:01]} Qb1+
{[%clk 0:12:05]} 60. Ke2 {[%clk 0:08:12]} Qc2+ {[%clk 0:12:00]} 61. Qd2
{[%clk 0:08:16]} Qf5 {[%clk 0:11:51]} 62. Qd3 {[%clk 0:08:02]} Qg4+
{[%clk 0:12:06]} 63. Kf1 {[%clk 0:08:27]} Qh3+ {[%clk 0:11:39]} 64. Ke1
{[%clk 0:08:41]} Qe6 {[%clk 0:11:28]} 65. Qd4 {[%clk 0:08:43]} Qf5
{[%clk 0:11:34]} 66. e4 {[%clk 0:07:45]} Qe6 {[%clk 0:11:38]} 67. Kd2
{[%clk 0:07:54]} Qb3 {[%clk 0:09:50]} 68. Ke2 {[%clk 0:08:00]} Kh7
{[%clk 0:09:47]} 69. Qd5 {[%clk 0:08:00]} Qc2+ {[%clk 0:09:46]} 70. Kf3
{[%clk 0:07:42]} Qc3+ {[%clk 0:09:56]} 71. Kg2 {[%clk 0:08:04]} Kg7
{[%clk 0:07:54]} 72. Qg5 {[%clk 0:07:59]} Qd4 {[%clk 0:07:49]} 73. Qf4
{[%clk 0:08:13]} Qd1 {[%clk 0:06:37]} 74. Qe5+ {[%clk 0:08:24]} Kg8
{[%clk 0:06:49]} 75. Qf6 {[%clk 0:08:23]} Qd7 {[%clk 0:06:49]} 76. Qe5
{[%clk 0:06:46]} Kh7 {[%clk 0:06:46]} 77. Qd5 {[%clk 0:06:31]} Qc7
{[%clk 0:06:10]} 78. e5 {[%clk 0:06:00]} Qe7 {[%clk 0:06:01]} 79. Kf3
{[%clk 0:05:29]} Kg7 {[%clk 0:05:59]} 80. Qd6 {[%clk 0:05:11]} Qb7+
{[%clk 0:05:03]} 81. Kf4 {[%clk 0:05:31]} Qa7 {[%clk 0:02:53]} 82. Qf6+
{[%clk 0:05:43]} Kh7 {[%clk 0:02:54]} 83. Kg5 {[%clk 0:05:00]} Qd7
{[%clk 0:03:06]} 84. f3 {[%clk 0:03:35]} Qe8 {[%clk 0:02:53]} 85. Qd6
{[%clk 0:02:42]} Qa8 {[%clk 0:01:33]} 86. Qf6 {[%clk 0:02:24]} Qf8
{[%clk 0:01:47]} 87. Kf4 {[%clk 0:02:32]} Qb4+ {[%clk 0:02:06]} 88. Ke3
{[%clk 0:00:57]} Qc3+ {[%clk 0:02:23]} 89. Ke4 {[%clk 0:00:57]} Qc4+
{[%clk 0:02:47]} 1/2-1/2